000 00655nam a2200181Ia 4500
008 100920s9999 xx 000 0 und d
082 _b60842
_a61 थ 82
100 _aलिमये अरूण.
245 _aक्लोरोफॉर्म.
260 _bग्रंथाली, अभिनव वाचक-चळवळ नेहरूनगर मुंबई 24.
_c1982
300 _a209
_bसाधी
365 _b20
520 _aस्थानिक वाचन.
630 _aक्लोरोफॉर्म.
650 _aस्थानिक वाचन.
730 _aक्लोरोफॉर्म.
942 _cBOOK
999 _c704091
_d704088